书目信息 |
| 题名: |
证券投资学
|
|
| 作者: | 傅一江 主编 | |
| 分册: | ||
| 出版信息: | 北京 高等教育出版社 1999.06 |
|
| 页数: | 461页 | |
| 开本: | 20cm | |
| 丛书名: | 全国成人高等教育规划教材 | |
| 单 册: | ||
| 中图分类: | F830.7 | |
| 科图分类: | ||
| 主题词: | 金融 , 银行 | |
| 电子资源: | ||
| ISBN: | 7-04-007078-2 | |
| 000 | 00648nam0 2200229 45 | |
| 001 | 0303290999 | |
| 005 | 20030329095149.6 | |
| 010 | @a7-04-007078-2@d17.30元 | |
| 100 | @a20030329d1999 km y0chiy0120 ea | |
| 101 | 0 | @achi |
| 105 | @a z 000yy | |
| 200 | 1 | @a证券投资学@AZheng Quan Tou Zi Xue@f傅一江主编@FFu Yi Jiang Zhu Bian |
| 210 | @a北京@c高等教育出版社@d1999.06 | |
| 215 | @a461页@d20cm | |
| 225 | @a全国成人高等教育规划教材 | |
| 410 | @12001 @a全国成人高等教育规划教材 | |
| 606 | 0 | @a金融 |
| 606 | 0 | @a银行 |
| 690 | @aF830.7@v3 | |
| 701 | 0 | @a傅一江@4主编 |
| 801 | @aCN@bPftUser@c20030329 | |
| 905 | @aBZT@b346253-255@dF830.7@e1@f3 | |
| 证券投资学/傅一江主编.-北京:高等教育出版社,1999.06 |
| 461页;20cm.-(全国成人高等教育规划教材) |
| ISBN 7-04-007078-2:17.30元 |
| ● |
| 相关链接 |
|
|
|
正题名:证券投资学
索取号:F830.7/1
 
预约/预借
| 序号 | 登录号 | 条形码 | 馆藏地/架位号 | 状态 | 备注 |
| 1 | 346253 | 201361196 | 样本书库/样008架A面2层2列/ [索取号:F830.7/1] | 在馆 | |
| 2 | 346254 | 201361169 | 中心书库北库/ 北库035架B面4列1层37/ [索取号:F830.7/1] | 在馆 | |
| 3 | 346255 | 201361178 | 中心书库北库/ 北库035架B面4列1层38/ [索取号:F830.7/1] | 在馆 |